000 00438cam a22001337a 4500
008 180718b1962 xxu||||| |||| 00| 0 eng d
082 _aT25084 Am35m
245 _aManagement of materials research
_cedited by Dan H. Feen
260 _aNew York
_bIntersciene
_c1962
300 _a171p.
650 _aResearch, Industrial --Congresses
700 _aAmerican Institute of Mining Metallurgical and Petroleum Engineers
700 _aFenn, Dan H.
999 _c357410
_d357410